000
00226nam a2200097Ia 4500
008
170619s9999 xx 000 0 und d
100
_a
Kapoor J N
245
0
_a
Mathematical Statistics
260
_b
New Delhi: S Chand
260
_c
2001
546
_a
ENGLISH
999
_c
16057
_d
16057